000 00466nam a2200181Ia 4500
003 GCL
008 140319s9999 xx 000 0 eng d
040 _aGCL /
_cGCL
082 0 4 _a746.44
_bP M
100 1 _aPYMAN, KIT
245 1 0 _aMADE TO TREASURE: EMBROIDERIES FOR ALL OCCASIONS /
_cPYMAN, KIT
260 _a[S.N] :
_bSEARCH PRESS ،
_c1985
300 _a158 P
650 0 4 _aNEEDLE AND HANDBOOK
650 0 4 _aARTS
650 0 4 _aEMBROIDERY
942 _2ddc
_cBK
999 _c13835
_d13835